Southville International School and Colleges
Your cart is empty.
  • Cart
  • Lists
    Public lists Eva Luna New books Lux_list list_1
    Your lists Log in to create your own lists
  • Log in to your account
  • Your cookies
  • Search history
Southville International School and Colleges
  • Advanced search
  • Recent comments
  • Most popular
  • Libraries

Log in to your account

Log in with GOOGLE


If you do not have an external account, but do have a local account, you can still log in:

  1. Home
  2. MARC view: iSpeak :
Normal view MARC view ISBD view

iSpeak : (Record no. 24755)

[ view plain ]
MARC details
000 -LEADER
fixed length control field 00671nam a2200229 a 4500
005 - DATE AND TIME OF LATEST TRANSACTION
control field 20140310183538.0
008 - FIXED-LENGTH DATA ELEMENTS--GENERAL INFORMATION
fixed length control field 110818s19uu xx 00 eng d
020 ## - INTERNATIONAL STANDARD BOOK NUMBER
International Standard Book Number 978007131124
050 ## - LIBRARY OF CONGRESS CALL NUMBER
Classification number PN 4129.15
Item number .N46 2010
100 ## - MAIN ENTRY--PERSONAL NAME
Personal name Nelson, Paul
245 ## - TITLE STATEMENT
Title iSpeak :
Remainder of title Public speaking for contemporary life /
Statement of responsibility, etc Paul Nelson; Scott Titsworth; Judy Pearson.
250 ## - EDITION STATEMENT
Edition statement 2009 ed.
260 ## - PUBLICATION, DISTRIBUTION, ETC. (IMPRINT)
Place of publication, distribution, etc New York :
Name of publisher, distributor, etc McGraw Hill,
Date of publication, distribution, etc 2010.
300 ## - PHYSICAL DESCRIPTION
Extent 287 p. :
Other physical details ill. col. ;
Dimensions 26 cm.
650 ## - SUBJECT ADDED ENTRY--TOPICAL TERM
Topical term or geographic name as entry element Public speaking
650 ## - SUBJECT ADDED ENTRY--TOPICAL TERM
Topical term or geographic name as entry element Speech communication
700 ## - ADDED ENTRY--PERSONAL NAME
Personal name Titsworth, Scott
700 ## - ADDED ENTRY--PERSONAL NAME
Personal name Pearson, Judy
942 ## - ADDED ENTRY ELEMENTS (KOHA)
Koha item type Books
Source of classification or shelving scheme Library of Congress Classification
Call number prefix Foreign
Holdings
Withdrawn status Lost status Source of classification or shelving scheme Damaged status Home library Current library Shelving location Date acquired Source of acquisition Total Checkouts Full call number Barcode Date last seen Copy number Price effective from Koha item type
    Library of Congress Classification   College Library College Library General Circulation Section 08/23/2011 Donation   PN 4129.15 .N46 2010 C12516 05/15/2018 1 10/18/2013 Books
    Library of Congress Classification   College Library College Library General Circulation Section 01/08/2014 Donation   PN 4129.15 .N46 2010 C13217 05/15/2018 2 01/08/2014 Books

iSpeak :

APA

Nelson P., Titsworth S. & Pearson J. (2010). iSpeak. New York: McGraw Hill.

Chicago

Nelson Paul, Titsworth Scott and Pearson Judy. 2010. iSpeak. New York: McGraw Hill.

Harvard

Nelson P., Titsworth S. and Pearson J. (2010). iSpeak. New York: McGraw Hill.

MLA

Nelson Paul, Titsworth Scott and Pearson Judy. iSpeak. New York: McGraw Hill. 2010.

  • Place hold
  • Print
  • Cite
  • Add to your cart (remove)
  • Save record
    BIBTEX Dublin Core MARCXML MARC (non-Unicode/MARC-8) MARC (Unicode/UTF-8) MARC (Unicode/UTF-8, Standard) MODS (XML) RIS
  • More searches
    Search for this title in:
    Other Libraries (WorldCat) Other Databases (Google Scholar) Online Stores (Bookfinder.com) Open Library (openlibrary.org)

Exporting to Dublin Core...

SOUTHVILLE LIBRARY

Southville International School and Colleges Library

1281 Tropical Ave. Cor. Luxembourg St., BF Homes International, Las Pinas City

Tel. No. 8256374 / 252358 Loc. 117/146

Powered by Koha